LEADER 01153nam0-2200301 --450 001 9910268259903321 005 20180514122641.0 035 $a(OCoLC)824754 100 $a20180514d1963----km y0itay50 ----ba 101 0 $aeng 102 $aUS 200 1 $aPerspectives in transportation$fedited by Karl M. Ruppenthal 210 $aStanford, Calif.$cGraduate School of Business, Stanford University$d[c1963] 215 $aviii, 157 p$d24 cm 225 0 $aStanford transportation series 320 $aDalle sessioni del 1962 del Transportation Management Program [della Stanford University Graduate School of Business] e il 17 ° forum annuale della National Defense Transportation Association." 610 0 $aTrasporti$aStati Uniti d'America 676 $a385.0973 700 1$aRuppenthal,$bKarl Maxwell$0750010 712 02$aStanford University.$bGraduate School of Business 712 02$aNational Defense Transportation Association (U.S.) 801 0$aIT$bUNINA$gRICA$2UNIMARC 901 $aBK 912 $a9910268259903321 952 $aD4/46$b1223$fDINTR 959 $aDINTR 996 $aPerspectives in transportation$91509393 997 $aUNINA